000 00522nam a2200181 4500
001 122510
003 ES-MaACL
005 20240507215617.0
007 t|
008 070214s1963 sp r ||||1| spa d
100 1 _aPrini, Pietro.
_993984
245 1 0 _aGabriel Marcel y la metodología de lo inverificable /
_cPietro Prini.
260 _aBarcelona :
_bLuis Miracle,
_c1963.
300 _a168 p. ;
_c23 cm.
600 1 4 _aMarcel, Gabriel,
_d1889-1973
_9156691
852 _aES-MaACL
_jC-23624
999 _c122510
_d122510